Movies Quiz

Random Movies or Disney Quiz
Score 0/18 Timer 05:00
2 Plays Today
% Correct
The Lion King
97%
Bambi
89.7%
The Jungle Book
85.5%
Sleeping Beauty
81.4%
Dumbo
81.1%
Bolt
80.7%
The Fox and the Hound
80.3%
Hercules
78.1%
Moana
65.5%
% Correct
The Little Mermaid
64.6%
Big Hero 6
56.5%
The Sword in the Stone
50%
Treasure Planet
43.9%
The Hunchback of Notre Dame
38.1%
Tarzan
37.1%
Robin Hood
35.4%
Atlantis: The Lost Empire
26.2%
Fantasia 2000
15.9%
Remove Ads.
Support Sporcle.
Get the best of Sporcle when you Go Orange. This ad-free experience offers more features, more stats, and more fun while also helping to support Sporcle. Thank you for becoming a member.

You're not logged in!

Compare scores with friends on all Sporcle quizzes.
OR
Log In

Show Comments

Extras

Top Quizzes Today


Score Distribution

Your Account Isn't Verified!

In order to create a playlist on Sporcle, you need to verify the email address you used during registration. Go to your Sporcle Settings to finish the process.

Report this User

Report this user for behavior that violates our Community Guidelines.

Details: